Sports Quiz

Random Sports or Football Quiz

Super Bowl XLIX (Patriots vs. Seahawks) Quiz Stats

Quiz Updated Feb 1, 2015

Challenge
Share
Tweet
Embed
Score 0/26 Timer 07:00
1 Play Today
Hint Answer % Correct
PatriotsTom Brady
95.9%
PatriotsNew England
93.8%
SeahawksSeattle
91.7%
SeahawksRussell Wilson
88.6%
Super Bowl XLIXSuper Bowl 49
86.8%
PatriotsSuper Bowl XLVI (2012)
86.3%
PatriotsAFC East
86.3%
SeahawksMarshawn Lynch
85.4%
SeahawksSuper Bowl XLVIII (2014)
84.5%
SeahawksNFC West
83.8%
Super Bowl XLIXNBC
82.4%
Super Bowl XLIXVince Lombardi Trophy
80.7%
SeahawksPete Carroll
80.6%
Hint Answer % Correct
PatriotsGillette Stadium
79.3%
Super Bowl XLIXGlendale, Arizona
77.8%
PatriotsBill Belichick
75%
Super Bowl XLIXKaty Perry
74.6%
Super Bowl XLIXFebruary 1st, 2015
69.1%
PatriotsJulian Edelman
68.2%
Super Bowl XLIXLos Angeles, California
59.8%
SeahawksDoug Baldwin
55.5%
Super Bowl XLIXUniversity of Phoenix Stadium
50.2%
PatriotsLeGarrette Blount
49.7%
SeahawksCenturyLink Field
34.1%
SeahawksWalter Jones
15.9%
PatriotsJunior Seau
12.2%

You're not logged in!

Compare scores with friends on all Sporcle quizzes.
Sign Up with Email
OR
Log In

You Might Also Like...

Show Comments

Extras

Top Quizzes Today


Score Distribution

Your Account Isn't Verified!

In order to create a playlist on Sporcle, you need to verify the email address you used during registration. Go to your Sporcle Settings to finish the process.